|
|
|
|
| LEADER |
00000nab a2200000 a 4500 |
| 001 |
vtls008690795 |
| 003 |
SK-MaSNL |
| 005 |
20260304150500.0 |
| 008 |
250505c2005 xo |||| | | 000 b|slo |
| 015 |
|
|
|a SNBRB2006/04
|2 snkbucl
|
| 035 |
|
|
|a (uuid)6f37611b-389a-447d-b6f2-9562dadfefa2
|
| 035 |
|
|
|a urn:nbn:sk:snk-ab1m8d
|
| 035 |
|
|
|a (urnnbn)urn:nbn:sk:snk:ar-004j2j
|
| 038 |
|
|
|a SNKBUCL
|
| 040 |
|
|
|a SNKBUCL
|b slo
|c SNKBUCL
|e AACR2
|
| 041 |
0 |
|
|a slo
|
| 044 |
|
|
|a xo
|c SK
|
| 080 |
|
|
|a 94(439.2)-051
|x "16/17"
|2 1997
|
| 080 |
|
|
|a 94(439.2)
|x "16"
|2 1997
|
| 100 |
1 |
|
|a Hupko, Daniel
|4 aut
|9 364762
|
| 245 |
1 |
0 |
|a Kurucký kráľ
|b Imrich Tököly - jeho cesta k sláve a pád
|c Daniel Hupko
|
| 246 |
3 |
|
|a Imrich Tököly - jeho cesta k sláve a pád
|
| 300 |
|
|
|b Obr.
|
| 600 |
0 |
7 |
|a Leopold
|b I.,
|c český a uhorský kráľ a rímskonemecký cisár,
|d 1640-1705
|2 snkbucl
|9 112976
|
| 600 |
0 |
7 |
|a Vešeléni, František,
|d 1605-1667
|2 snkbucl
|9 96716
|
| 600 |
0 |
7 |
|a Tököli, Imrich,
|c gróf,
|d 1657-1705
|2 snkbucl
|9 237401
|
| 648 |
|
7 |
|a 17. stor.
|2 snkbucl
|9 288141
|
| 650 |
0 |
7 |
|a Prešovské jatky, 1687
|2 snkbucl
|9 468484
|
| 650 |
0 |
7 |
|a Vešeléniho sprisahanie
|2 snkbucl
|9 1399891
|
| 650 |
0 |
7 |
|a protihabsburské povstania
|2 snkbucl
|9 70378
|
| 650 |
0 |
7 |
|a Tököliho povstanie (1678-1686)
|2 snkbucl
|9 100048
|
| 651 |
|
7 |
|a Uhorsko
|x dejiny
|2 snkbucl
|9 56334
|
| 773 |
0 |
|
|t Historická revue
|g Roč. XVI, č. 10 (2005), s. 14-16
|x 1335-6550
|
| 850 |
|
|
|a Slovenská národná knižnica
|
| 852 |
|
|
|a Slovenská národná knižnica
|
| 954 |
|
|
|a odborná, vedecká literatúra pôvodná (slovenská)
|2 lita
|
| 958 |
|
|
|a article27
|
| 958 |
|
|
|a OND
|
| 958 |
|
|
|a EUIPO
|
| 999 |
|
|
|c 2938664
|d 2940594
|